| Tag |
First Indicator |
Second Indicator |
Subfields |
| LEADER |
00000nam a2200000Ia 4500 |
| 001 |
in00004246813 |
| 005 |
20200807093259.0 |
| 006 |
m g d |
| 007 |
cr bn |||a|bb| |
| 008 |
850411s1694 enk o 00| | eng d |
| 035 |
|
|
|a (OCoLC)11908647
|
| 040 |
|
|
|a EAA
|c EAA
|d m/c
|d WaOLN
|
| 037 |
|
|
|a CL0037000002
|b ProQuest Information and Learning. 300 N. Zeeb Rd., Ann Arbor, MI 48106
|
| 049 |
|
|
|a UMIA
|
| 100 |
1 |
|
|a Banks, John,
|d d. 1706.
|
| 245 |
1 |
4 |
|a The innocent usurper, or, The death of the Lady Jane Gray :
|b a tragedy /
|c written by J.B.
|
| 260 |
|
|
|a London :
|b Printed for R. Bentley ...,
|c 1694.
|
| 300 |
|
|
|a 1 online resource ([8], 60 pages)
|
| 336 |
|
|
|a text
|b txt
|2 rdacontent
|
| 337 |
|
|
|a computer
|b c
|2 rdamedia
|
| 338 |
|
|
|a online resource
|b cr
|2 rdacarrier
|
| 500 |
|
|
|a Dedication signed: J. Banks.
|
| 500 |
|
|
|a Reproduction of original in British Library.
|
| 510 |
4 |
|
|a Wing
|c B658
|
| 510 |
4 |
|
|a Arber's Term cat.
|c II 511
|
| 533 |
|
|
|a Electronic reproduction.
|b Ann Arbor, Mich. :
|c UMI,
|d 1999-
|f (Early English books online)
|n Digital version of: (Early English books, 1641-1700 ; 51:15)
|7 s1999 miun s
|
| 600 |
1 |
0 |
|a Grey, Jane,
|c Lady,
|d 1537-1554
|v Drama.
|
| 740 |
0 |
|
|a Death of the Lady Jane Gray.
|
| 740 |
0 |
|
|a Innocent usurper.
|
| 830 |
|
0 |
|a Early English books online.
|
| 856 |
4 |
0 |
|u http://proxy.library.tamu.edu/login?url=https://search.proquest.com/docview/2240855710
|z Connect to the full text of this electronic book
|t 0
|
| 999 |
f |
f |
|s 6f7e3848-fd5b-3328-b79a-380ae5f24273
|i aecf62c1-3cd3-312d-9e7c-75eb047967d4
|t 0
|
| 952 |
f |
f |
|a Texas A&M University
|b College Station
|c Electronic Resources
|d Available Online
|t 0
|h No information provided
|
| 998 |
f |
f |
|t 0
|l Available Online
|